Liberating systems theory
Saved in:
| Main Author: | |
|---|---|
| Format: | Book |
| Language: | English |
| Published: |
New York :
Plenum Press,
c1990.
|
| Series: | Contemporary systems thinking
|
| Subjects: | |
| Tags: |
Add Tag
No Tags, Be the first to tag this record!
|
MARC
| LEADER | 00000cam a2200000 i 4500 | ||
|---|---|---|---|
| 001 | 1/19522 | ||
| 008 | 010507s1990 nyu| ||| |||| ||eng|| | ||
| 020 | |a 0306435926 | ||
| 035 | |l 10066883 | ||
| 040 | |a GR-MyUa |b gre |e AACR2 | ||
| 041 | 0 | |a eng | |
| 082 | 7 | |a 003 |2 (22) | |
| 100 | 1 | |a Flood, Robert L. | |
| 245 | 1 | 0 | |a Liberating systems theory / |c Robert L. Flood. |
| 260 | |a New York : |b Plenum Press, |c c1990. | ||
| 300 | |a xviii, 247 σ. ; |c 24 εκ. | ||
| 490 | 1 | |a (Contemporary systems thinking) | |
| 504 | |a Περιλαμβάνει βιβλιογραφικές παραπομπές: σ. 231-242 και ευρετήριο. | ||
| 650 | 0 | |a System theory. | |
| 830 | 0 | |a Contemporary systems thinking | |
| 852 | |a INST |b SYROS |e 20010507 |h 003 FLO |p 005500001294 |q 005500001294 |t BK |y 0 | ||
| 901 | |a BIBL5-2001-2 | ||
| 922 | |a 5ΕΛΗ |b 200105 |c Γραφικών Τεχνών |d Leader Books | ||
| 970 | |a Κρητικού |b Θωμαΐς |z 07/05/2001 | ||